1903 1137 1940 1204 1615 1151 1736 1159 1919 1201 1798 1594 1582 1587 1814 1866 1342 1928 1948 1806 1043 1117 1057 1029 1524 1194 1574 1096 1729 1069 1745 1259 1939 1368 1319 1449 1129 1141 1842 1162 1402 1688 1145 1131 1469 1416 1136 1300 1863 1962 1841 1545 1977 1157 1858 1184 1677 1235 1658 1696 1567 1340 1788 1780 1308 1832 1152 1119 1063 1947 1597 1180 1003 1096 1782 1789 1905 1053 1770 1342 1575 1226 1551 1855 1623 1536 1933 1494 1132 1598 1383 1264 1516 1980 1150 1363 1496 1452 1936 BCNSPRNW ULIB Ver.6.0+V

เปลี่ยนเป็นภาษาไทย

Change to English
 แสดงรายละเอียดบรรณานุกรม
  กลับหน้าหลัก

Brief Record : Get Marc (ISO 2709) : E-mail record : QR code < ปิดหน้าต่าง
LEADER : 00000nam 2200000uu 4500
001    13399129115
003     ULIB
008    020711s2025 th a 000 0 eng d
020    ^a9780729544566
060    ^aWA590^bG492S
100    ^aGjyn O Toole
245    ^aStories in Health Communication: Reflection, Inquiry, Action/^cGjyn O Toole
250    ^a1st ed
260    ^aPhiladelphia :^bELSEVIER,^c2025
300    ^a77 pages;^c26 cm
650    ^aHealth Communication
945    ^p1334^l0^i011873
999    ^aประนอม เกษจรัล
รายการนี้ยังไม่มีแท็ก
คุณยังไม่ได้ล็อกอิน คุณสามารถมีกิจกรรมร่วมกับเว็บไซต์ได้ แต่ต้องล็อกอินก่อน ::
  ล็อกอิน

รายการสื่อสารสนเทศ

ลำดับที่ ประเภท เลขเรียก/บาร์โค้ด สถานที่ สถานะ
1. วิทยาศาสตร์การแพทย์ และสุขภาพ
หนังสือสำรอง
สถานะ=หนังสือสำรอง
WA590 G492S ฉ.1 
  Barcode: 011873
ห้องสมุดวิทยาเขตสวรรค์ประชารักษ์
►หนังสือทั่วไป
บนชั้น

BibComment


ยังไม่เคยถูกคอมเมนท์

คอมเมนท์ทรัพยากรรายการนี้
  คอมเมนท์: Stories in Healt..


 Copyright 2026. Bcnsprnw @Library